000 00576nam a2200205 4500
003 OSt
005 20240621005946.0
006 a
008 240621b |||||||| |||| 00| 0 eng d
040 _aDWCL-HMN lib.
_cOC
082 _aCirc. 641.5973 W749a 1971
100 _aWilson, Jose
245 _aAmerican Cooking : the Eastern Heartland /
260 _aN.Y. :
_bTime-Life Books,
_cc1971.
300 _c208 p : ill. (some col) ;
_a28 cm.
490 _3Foods of the World
504 _aIncludes index.
650 _a1. American Cooking.
942 _2ddc
_n0
_cBK-CIRC
_kCirc.
999 _c1026
_d1026